000 00515nam a2200193Ia 4500
003 LK-CoDNM
005 20240119113437.0
008 010623t1920 xxu||||| |||| 00| 1 sin d
040 _aLK-CoDNM
_dLK-CoDNM
_eLK-CoDNM
041 _asin
080 _a104
_bJ 3
100 _aFernando,W.Daniyel
245 _aසත්‍යාර්ථ සංග්‍රහය
246 _aSathyaartha Sangrahaya
260 _bBastian Co.
_aColombo
_c1920
300 _b65p, 21 cm
490 _vVol.III No :I-IV
942 _cBK
999 _c90323
_d90323